Catálogo

Global strategic management / (Registro nro. 63013)

Detalles MARC
000 -LEADER
fixed length control field 00732nam a2200229 a 4500
001 - CONTROL NUMBER
control field 63013
005 - DATE AND TIME OF LATEST TRANSACTION
control field 20180714065249.0
008 - FIXED-LENGTH DATA ELEMENTS--GENERAL INFORMATION
fixed length control field 150624s2012 enk r 000 0 eng d
082 0# - DEWEY DECIMAL CLASSIFICATION NUMBER
Classification number 658.4012
Item number LAS
100 1# - MAIN ENTRY--PERSONAL NAME
Personal name Lasserre, Philippe
Relator term autor
245 10 - TITLE STATEMENT
Title Global strategic management /
Statement of responsibility, etc. Philippe Lasserre.
250 ## - EDITION STATEMENT
Edition statement Third edition
264 #1 - PRODUCTION, PUBLICATION, DISTRIBUTION, MANUFACTURE, AND COPYRIGHT NOTICE
Place of production, publication, distribution, manufacture London, England :
Name of producer, publisher, distributor, manufacturer Palgrave Macmillan,
Date of production, publication, distribution, manufacture, or copyright notice 2012
300 ## - PHYSICAL DESCRIPTION
Extent xlv, 514 páginas ;
Dimensions 25 cm.
336 ## - CONTENT TYPE
Content type term texto
Source rdacontent
337 ## - MEDIA TYPE
Media type term sin mediación
Source rdamedia
338 ## - CARRIER TYPE
Carrier type term volumen
Source rdacarrier
650 #0 - SUBJECT ADDED ENTRY--TOPICAL TERM
Topical term or geographic name entry element Planificación estratégica
650 #0 - SUBJECT ADDED ENTRY--TOPICAL TERM
Topical term or geographic name entry element Empresas internacionales
650 #0 - SUBJECT ADDED ENTRY--TOPICAL TERM
Topical term or geographic name entry element Administración
650 #0 - SUBJECT ADDED ENTRY--TOPICAL TERM
Topical term or geographic name entry element Globalización
General subdivision Aspectos económicos
Existencias
Withdrawn status Lost status Source of classification or shelving scheme Damaged status Not for loan Collection code Home library Current library Shelving location Date acquired Source of acquisition Inventory number Total Checkouts Full call number Barcode Date last seen Date last checked out Price effective from Koha item type
    Dewey Decimal Classification     General Biblioteca Karol Wojtyla Biblioteca Karol Wojtyla Sala general 24/06/2015 Compra 151000000000000000014659   658.4012 LAS 2012 94191 05/01/2026 19/10/2015 07/09/2015 Libro